| 000 | 01448cam a22003617a 4500 | ||
|---|---|---|---|
| 001 | 16069942 | ||
| 003 | ASAB | ||
| 005 | 20180827062627.0 | ||
| 008 | 100126s2009 ii af b 001 0 eng d | ||
| 010 | _a 2010275154 | ||
| 020 | _a9780195697810 | ||
| 020 | _a0195697812 | ||
| 035 | _a(OCoLC)ocn368051039 | ||
| 040 |
_aBTCTA _cASAB _dYDXCP _dBWX _dNUI _dGUA _dDLC |
||
| 042 | _alccopycat | ||
| 050 | 0 | 0 |
_aQH506 _b.P28 2009 |
| 082 | 0 | 0 |
_a572.8 _222 |
| 100 | 1 |
_aPal, Jayanta K. _91756 |
|
| 245 | 1 | 0 |
_aFundamentals of molecular biology / _cJayanta K. Pal, Saroj S. Ghaskadbi. |
| 260 |
_aNew Delhi : _bOxford University Press, _c2009. |
||
| 300 |
_axiv, 374 p., 20 p. of plates : _bill. (some col.) ; _c24 cm. |
||
| 490 | 1 | _aOxford higher education | |
| 504 | _aIncludes bibliographical references and index. | ||
| 650 | 0 |
_aMolecular biology. _91757 |
|
| 700 | 1 |
_aGhaskadbi, Saroj S. _91758 |
|
| 830 | 0 |
_aOxford higher education. _91759 |
|
| 856 | 4 | 2 |
_3Contributor biographical information _uhttp://www.loc.gov/catdir/enhancements/fy1005/2010275154-b.html |
| 856 | 4 | 2 |
_3Publisher description _uhttp://www.loc.gov/catdir/enhancements/fy1005/2010275154-d.html |
| 856 | 4 | 1 |
_3Table of contents only _uhttp://www.loc.gov/catdir/enhancements/fy1005/2010275154-t.html |
| 906 |
_a7 _bcbc _ccopycat _d2 _encip _f20 _gy-gencatlg |
||
| 942 |
_2ddc _cBK |
||
| 999 |
_c480059 _d480059 |
||